<?xml version="1.0" encoding="UTF-8"?>
<record
    xmlns:xsi="http://www.w3.org/2001/XMLSchema-instance"
    xsi:schemaLocation="http://www.loc.gov/MARC21/slim http://www.loc.gov/standards/marcxml/schema/MARC21slim.xsd"
    xmlns="http://www.loc.gov/MARC21/slim">

  <leader>00729nam a22001697a 4500</leader>
  <datafield tag="999" ind1=" " ind2=" ">
    <subfield code="c">61876</subfield>
    <subfield code="d">61876</subfield>
  </datafield>
  <controlfield tag="003">Ge_BSU</controlfield>
  <controlfield tag="005">20240531162140.0</controlfield>
  <controlfield tag="008">240531s2003    ge ||||| |||| 00| 0 geo d</controlfield>
  <datafield tag="041" ind1=" " ind2=" ">
    <subfield code="a">geo</subfield>
  </datafield>
  <datafield tag="080" ind1=" " ind2=" ">
    <subfield code="a">616.89-008.441.13 &#x10D5;-73</subfield>
  </datafield>
  <datafield tag="100" ind1=" " ind2=" ">
    <subfield code="a">&#x10D5;&#x10DD;&#x10D8;&#x10D3;&#x10D8;&#x10DA;&#x10DD;, &#x10D4;&#x10D5;&#x10D0;</subfield>
    <subfield code="9">22271</subfield>
  </datafield>
  <datafield tag="245" ind1=" " ind2=" ">
    <subfield code="a">&#x10DB;&#x10D4; &#x10D0;&#x10D5;&#x10D8;&#x10E0;&#x10E9;&#x10D8;&#x10D4; &#x10D7;&#x10D0;&#x10D5;&#x10D8;&#x10E1;&#x10E3;&#x10E4;&#x10DA;&#x10D4;&#x10D1;&#x10D0; /</subfield>
    <subfield code="c">&#x10D4;&#x10D5;&#x10D0;, 	&#x10D5;&#x10DD;&#x10D8;&#x10D3;&#x10D8;&#x10DA;&#x10DD;; [&#x10D7;&#x10D0;&#x10E0;&#x10D2;&#x10DB;&#x10DC;&#x10D0; &#x10D4;&#x10DA;&#x10D8;&#x10E1;&#x10DD; &#x10D0;&#x10DB;&#x10D8;&#x10E0;&#x10D4;&#x10EF;&#x10D8;&#x10D1;&#x10DB;&#x10D0;].</subfield>
  </datafield>
  <datafield tag="264" ind1=" " ind2=" ">
    <subfield code="a">&#x10D7;&#x10D1;. : </subfield>
    <subfield code="b">&#x10E5;&#x10D0;&#x10DA;&#x10D7;&#x10D0; &#x10D9;&#x10DA;&#x10E3;&#x10D1;&#x10D8; "&#x10DE;&#x10D4;&#x10DD;&#x10DC;&#x10D8;", </subfield>
    <subfield code="c">2003.</subfield>
  </datafield>
  <datafield tag="300" ind1=" " ind2=" ">
    <subfield code="a">122 &#x10D2;&#x10D5;. ; </subfield>
    <subfield code="b">18 &#x10E1;&#x10DB;.</subfield>
  </datafield>
  <datafield tag="700" ind1=" " ind2=" ">
    <subfield code="a">&#x10D0;&#x10DB;&#x10D8;&#x10E0;&#x10D4;&#x10EF;&#x10D8;&#x10D1;&#x10D8;, &#x10D4;&#x10DA;&#x10D8;&#x10E1;&#x10DD;</subfield>
    <subfield code="e">&#x10DB;&#x10D7;&#x10D0;&#x10E0;&#x10D2;&#x10DB;&#x10DC;&#x10D4;&#x10DA;&#x10D8;</subfield>
    <subfield code="9">22272</subfield>
  </datafield>
  <datafield tag="942" ind1=" " ind2=" ">
    <subfield code="2">udc</subfield>
    <subfield code="c">&#x1CAC;&#x1C98;&#x1C92;&#x1C9C;&#x1C98;</subfield>
  </datafield>
  <datafield tag="952" ind1=" " ind2=" ">
    <subfield code="0">0</subfield>
    <subfield code="1">0</subfield>
    <subfield code="2">udc</subfield>
    <subfield code="4">0</subfield>
    <subfield code="6">6168900844113_&#x10D5;73</subfield>
    <subfield code="7">0</subfield>
    <subfield code="9">99014</subfield>
    <subfield code="a">CPL</subfield>
    <subfield code="b">CPL</subfield>
    <subfield code="c">GEN</subfield>
    <subfield code="d">2024-05-31</subfield>
    <subfield code="g">3.00</subfield>
    <subfield code="o">616.89-008.441.13 &#x10D5;-73</subfield>
    <subfield code="p">68033</subfield>
    <subfield code="r">2024-05-31</subfield>
    <subfield code="t">68033</subfield>
    <subfield code="w">2024-05-31</subfield>
    <subfield code="y">&#x1CAC;&#x1C98;&#x1C92;&#x1C9C;&#x1C98;</subfield>
    <subfield code="z">3 &#x10DA;.</subfield>
  </datafield>
</record>
